| 000 | 01109cam a2200301 a 4500 | ||
|---|---|---|---|
| 001 | 3417632 | ||
| 003 | ARRUPE | ||
| 005 | 20131127104750.0 | ||
| 008 | 900411s1991 cau 000 0 eng | ||
| 010 | _a 90055306 | ||
| 020 |
_a0062503219 (alk. paper) : _c$30.00 ($40.00 Can.) |
||
| 020 | _a0062503006 (pbk.) | ||
| 040 |
_aDLC _cDLC _dDLC |
||
| 050 | 0 | 0 |
_aBL624 _b.S755 1991 |
| 245 | 0 | 0 |
_aStories of the spirit, stories of the heart : _bparables of the spiritual path from around the world / _cedited by Christina Feldman and Jack Kornfield. |
| 250 | _a1st ed. | ||
| 260 |
_a[San Francisco] : _bHarperSanFrancisco, _cc1991. |
||
| 300 |
_a396 p. ; _c24 cm. |
||
| 650 | 0 |
_aParables. _94102 |
|
| 650 | 0 |
_aParables _vParaphrases. _94103 |
|
| 650 | 0 |
_aStorytelling _xReligious aspects. _94104 |
|
| 650 | 0 |
_aSpiritual life. _94105 |
|
| 700 | 1 |
_aFeldman, Christina. _94106 |
|
| 700 | 1 |
_aKornfield, Jack, _d1945- _94107 |
|
| 906 |
_a7 _bcbc _corignew _d1 _eocip _f19 _gy-gencatlg |
||
| 942 |
_2lcc _cMONOGRAPH |
||
| 999 |
_c118749 _d118749 |
||